000 00946nam1a2200277 i 4500
001 RU\NLR\BIBL_A\012856542
005 20241102083027.0
035 _a(NLR Aleph) 012856542
090 _a12444276
_c12444276
100 _a20220729g20229999u y0rusy50 ca
101 0 _arus
102 _aRU
105 _a| z |||||
181 0 _ai
_baxxe
182 0 _an
200 1 _aГеометрия поверхностей
_eучебник
_fН. Б. Шкинева
203 _aТекст
_bвизуальный
_cнепосредственный
210 _aМосква
_cКурс
_d2022
215 _d29
606 _aПоверхности
_jУчебники для высших учебных заведений
_91331527
_3RU\NLR\AUTH\66238942
686 1 _aВ181.221.2я73-1
700 1 _aШкинева
_bН. Б.
_gНаталья Борисовна
852 _aNLR
_j2022-8/2731
942 _cBOOK